000 00328nam a22001457a 4500
008 210428b ||||| |||| 00| 0 eng d
020 _a9781587133169
041 _aeng
080 _a004
082 _a004
100 _a28
101 _aSHKI
245 _aIntroduction to Networks Companion Guide
_cCisco,
942 _2udc
_cBK
999 _c56873
_d56873